| 000 | 01323cam a2200265 i 4500 | ||
|---|---|---|---|
| 003 | SA-RiAUC | ||
| 005 | 20260313111649.0 | ||
| 008 | 260308s2001 su g 100r0 ara c | ||
| 040 |
_aSA-JeALM _bara _cSA-RiAUC _erda |
||
| 043 | _aa-su--- | ||
| 082 | 0 | 4 | _a027.209531 |
| 090 |
_a027.209531 _bن د و |
||
| 111 | 2 |
_aندوة المكتبات الوقفية في المملكة العربية السعودية _cالمدينة المنورة). _d( 1420 هـ: |
|
| 245 | 1 | 0 |
_aندوة المكتبات الوقفية في المملكة العربية السعودية : _bمكتبة الملك عبد العزيز بالمدينة المنورة من 25-27 / 1 / 1420 هـ. الملك عبدالعزيز ووقف الكتب _cاعداد فهد بن عبدالله السماري |
| 264 | 1 |
_aالرياض : _bوزارة الشؤون الإسلامية والأوقاف والدعوة والإرشاد، _c2001 |
|
| 300 |
_a70 صفحة ؛ _c28 سم. |
||
| 336 |
_aنص _btxt _2rdacontent _3كتاب |
||
| 337 |
_aبدون وسيط _bn _2rdamedia |
||
| 650 | 7 |
_aالمكتبات العامة _2aucsh |
|
| 650 | 7 |
_aالمكتبات _zالسعودية _2aucsh |
|
| 650 | _aالأوقاف | ||
| 700 |
_aالسماري، فهد بن عبدالله _eمعد. |
||
| 942 |
_2ddc _cBOOK _n0 |
||
| 949 |
_aSA-JeALM _d260308 _uosman123 _n1 |
||
| 999 |
_c14541 _d14541 |
||